000 00489nam a2200205Ia 4500
003 OSt
005 20220928144445.0
006 a|||||r|||| 00| 0
007 ta
008 220927b |||||||| |||| 00| 0 eng d
024 _a69365
037 _cTextual
040 _aSDCL
_cSDCL
_beng
041 _2eng
_aeng
082 _aD651, M8
100 _aSZE, Ed.
_9507745
245 0 _aVLSI Technology. Ed 2
942 _hD651, M8
_cTEXL
_2CC
999 _c827261
_d827261